AS Monaco Current Squad - Statistics

General Stats
  • This quiz has been taken 297 times
    114 since last reset
  • The average score is 10 of 28
Answer Stats
# Player % Correct
10 Wissam Ben Yedder
80%
17 Aleksandr Golovin
61%
19 Youssouf Fofana
61%
29 Folarin Balogun
57%
36 Breel Embolo
53%
6 Denis Zakaria
52%
18 Takumi Minamino
52%
12 Caio Henrique
50%
2 Vanderson
45%
3 Guillermo Maripán
43%
4 Mohamed Camara
42%
7 Eliesse Ben Seghir
39%
99 Wilfried Singo
36%
16 Philipp Köhn
35%
77 Gelson Martins
32%
21 Maghnes Akliouche
32%
27 Krépin Diatta
31%
14 Ismail Jakobs
30%
Head Coach Adi Hütter
28%
22 Mohammed Salisu
27%
1 Radosław Majecki
26%
8 Eliot Matazo
25%
9 Myrou Boadu
25%
37 Edan Diop
24%
34 Chrislain Matsima
22%
88 Soungoutou Magassa
20%
50 Yann Liénard
13%
23 Yllan Okou
7%
No matching quizzes found
Score Distribution
Percent of People with Each Score
Percentile by Number Answered
Your Score History
You have not taken this quiz since the last reset